000 00417nam a2200133 i 4500
001 28998
003 ES-MaACL
007 t|
008 030120s1879 sp ||||1| spa d
110 2 _aBanco Hispano-Colonial.
_92131
245 1 0 _aMemoria leĆ­da en la Junta General ordinaria de accionistas del 30 de enero de 1879 /
_cBanco Hispano-Colonial.
260 _aBarcelona :
_b[s.n.,
_c1879]
852 _aES-MaACL
_jT-320-F-3
999 _c28998
_d28998